| 000 | 01718nam a2200397Ia 4500 | ||
|---|---|---|---|
| 001 | ebr10279192 | ||
| 003 | CaPaEBR | ||
| 006 | m u | ||
| 007 | cr cn||||||||| | ||
| 008 | 970321s1997 nyua sb 001 0 eng d | ||
| 010 | _z 97010595 | ||
| 020 | _z9780195130904 | ||
| 020 | _z0195090802 (alk. paper) | ||
| 040 |
_aCaPaEBR _cCaPaEBR |
||
| 035 | _a(OCoLC)44960875 | ||
| 050 | 1 | 4 |
_aPE2906 _b.K36 1997eb |
| 100 | 1 | _aKamensky, Jane. | |
| 245 | 1 | 0 |
_aGoverning the tongue _h[electronic resource] : _bthe politics of speech in early New England / _cJane Kamensky. |
| 260 |
_aNew York : _bOxford University Press, _c1997. |
||
| 300 |
_aix, 291 p. : _bill. |
||
| 504 | _aIncludes bibliographical references (p. 203-280) and index. | ||
| 533 |
_aElectronic reproduction. _bPalo Alto, Calif. : _cebrary, _d2009. _nAvailable via World Wide Web. _nAccess may be limited to ebrary affiliated libraries. |
||
| 650 | 0 |
_aEnglish language _xPolitical aspects _zNew England. |
|
| 650 | 0 |
_aEnglish language _yEarly modern, 1500-1700 _xHistory. |
|
| 650 | 0 |
_aEnglish language _xReligious aspects _xChristianity. |
|
| 650 | 0 |
_aEnglish language _xSpoken English _zNew England. |
|
| 650 | 0 |
_aLanguage and culture _zNew England _xHistory. |
|
| 650 | 0 |
_aOral communication _zNew England _xHistory. |
|
| 650 | 0 |
_aEnglish language _y18th century _xHistory. |
|
| 650 | 0 |
_aAmericanisms _zNew England _xHistory. |
|
| 650 | 0 |
_aPuritans _zNew England _xLanguage. |
|
| 651 | 0 |
_aNew England _xHistory _yColonial period, ca. 1600-1775. |
|
| 655 | 7 |
_aElectronic books. _2local |
|
| 710 | 2 | _aebrary, Inc. | |
| 856 | 4 | 0 |
_uhttp://site.ebrary.com/lib/rucke/Doc?id=10279192 _zAn electronic book accessible through the World Wide Web; click to view |
| 999 |
_c3763 _d3763 |
||